Numerical methods for scientists and engineers
Guardat en:
| Autor principal: | |
|---|---|
| Format: | Llibre |
| Idioma: | anglès |
| Publicat: |
Nueva York
Dover Publications
1973
|
| Edició: | 2a. ed |
| Col·lecció: | Mathematics
|
| Matèries: | |
| Etiquetes: |
Afegir etiqueta
Sense etiquetes, Sigues el primer a etiquetar aquest registre!
|
MARC
| LEADER | 00000cam a2200000 a 4500 | ||
|---|---|---|---|
| 001 | UCF2564 | ||
| 003 | CL-VaPUC | ||
| 008 | 120830e19730000US |||||||||||||||||eng|d | ||
| 020 | |a 9780486652412 | ||
| 082 | 0 | 4 | |a 519.5 |b HAM |2 21 |
| 100 | |a Hamming, Richard Wesley |e author |9 564244 | ||
| 245 | 1 | 0 | |a Numerical methods for scientists and engineers |
| 250 | |a 2a. ed | ||
| 300 | |a 721 p | ||
| 942 | |c BK | ||
| 945 | |d 20120830 00:00:00 |a cmena | ||
| 260 | |a Nueva York |b Dover Publications |c 1973 | ||
| 650 | 0 | |a Algoritmos |9 260639 | |
| 650 | 0 | |a Métodos numéricos |9 259314 | |
| 650 | 0 | |a Matemática aplicada |9 260236 | |
| 650 | 0 | |a Teoría de números |9 265327 | |
| 583 | |a last modification |c 20120830 10:25:00 |k Rodrigo Vera | ||
| 490 | 0 | |a Mathematics | |
| 999 | |c 349106 |d 349104 | ||
| 952 | |0 0 |1 0 |4 0 |6 519_500000000000000_HAM_1973 |7 0 |8 A |9 451532 |a BIBING |b BIBING |d 2019-11-22 |i 4898281 |o 519.5 HAM 1973 |p 4898281 |r 2025-01-20 |w 2019-11-22 |y BK |k EIE | ||
| 952 | |0 0 |1 0 |4 0 |6 519_500000000000000_HAM_1973 |7 0 |8 A |9 451533 |a BIBING |b BIBING |d 2019-11-22 |i 489829K |o 519.5 HAM 1973 |p 489829K |r 2025-01-20 |w 2019-11-22 |y BK |k EIE | ||
| 952 | |0 0 |1 0 |4 0 |6 519_500000000000000_HAM_1973 |7 0 |8 A |9 451534 |a BIBING |b BIBING |d 2019-11-22 |i 4898303 |o 519.5 HAM 1973 |p 4898303 |r 2025-01-20 |w 2019-11-22 |y BK |k EIE | ||